5HLuxD.jpg

KING HENRY VIII SENIOR AND PRIMARY SCHOOL LIBRARY OPAC

A GREAT BIG CUDDLE (Record no. 4108)

000 -LEADER
fixed length control field 00319nam a22001097a 4500
008 - FIXED-LENGTH DATA ELEMENTS--GENERAL INFORMATION
fixed length control field 250121b ||||| |||| 00| 0 eng d
020 ## - INTERNATIONAL STANDARD BOOK NUMBER
International Standard Book Number 978140634319
082 ## - DEWEY DECIMAL CLASSIFICATION NUMBER
Classification number 821 MIC
100 ## - MAIN ENTRY--PERSONAL NAME
Personal name MICHAEL ROSEN
Relator term ROSEN,MICHAEL
245 ## - TITLE STATEMENT
Title A GREAT BIG CUDDLE
Remainder of title POEMS FOR THE VERY YOUNG
942 ## - ADDED ENTRY ELEMENTS (KOHA)
Source of classification or shelving scheme
Classification part 821 MIC
Holdings
Withdrawn status Lost status Source of classification or shelving scheme Damaged status Not for loan Collection code Permanent Location Current Location Shelving location Date acquired Total Checkouts Full call number Barcode Date last seen Date last checked out Price effective from Koha item type Public note
          Fiction KH8 Primary School Library KH8 Primary School Library Fiction 2025-01-21 5 821 MIC KHPL000005008 2026-03-17 2026-03-12 2025-01-21 Books - Fiction KH8 PRIMARY LIBRARY

Powered By KH8 IT Dept